Mainstreaming handicapped students: A gudie for the classroom teacher (Record no. 1373903)

MARC details
000 -LEADER
fixed length control field 00609nam a2200205Ia 4500
005 - DATE AND TIME OF LATEST TRANSACTION
control field 20250508162026.0
008 - FIXED-LENGTH DATA ELEMENTS--GENERAL INFORMATION
fixed length control field 008 250505s9999 xx 000 0 eng d
020 ## - INTERNATIONAL STANDARD BOOK NUMBER
International Standard Book Number 0-205-06107-9
037 ## - SOURCE OF ACQUISITION
Stock number Textual
040 ## - CATALOGING SOURCE
Original cataloging agency FEDL
Language of cataloging eng
Transcribing agency FEDL
041 ## - LANGUAGE CODE
Language code of text/sound track or separate title eng
Source of code eng
084 ## - COLON CLASSIFICATION NUMBER
Classification number 371.91, TUR
Assigning agency FEDL
100 ## - MAIN ENTRY--PERSONAL NAME
Personal name Turnbull Ann P
9 (RLIN) 772077
245 #0 - TITLE STATEMENT
Title Mainstreaming handicapped students: A gudie for the classroom teacher
260 ## - PUBLICATION, DISTRIBUTION, ETC.
Place of publication, distribution, etc. Boston, USA
Name of publisher, distributor, etc. Allyn and Bacon
Date of publication, distribution, etc. 1947
300 ## - PHYSICAL DESCRIPTION
Extent x,386p.
700 ## - ADDED ENTRY--PERSONAL NAME
Personal name Schulz Jane B
9 (RLIN) 772078
942 ## - ADDED ENTRY ELEMENTS (KOHA)
Koha item type Textual
Classification part 371.91, TUR
Holdings
Withdrawn status Lost status Damaged status Not for loan Home library Current library Date acquired Total Checkouts Full call number Barcode Date last seen Price effective from Koha item type
        Department of Education Library Department of Education Library 2025-05-08   371.91, TUR EL0063880 2025-05-08 2025-05-08 Textual
Copyright @ Delhi University Library System